| 000 | 00378nam a2200145Ia 4500 | ||
|---|---|---|---|
| 008 | 230917s9999||||xx |||||||||||||| ||und|| | ||
| 040 |
_e48320 _aMAIN |
||
| 041 | _aEnglish | ||
| 082 | _a824.09 H867E | ||
| 100 | _aHudson, Derek | ||
| 245 | 0 | _aEnglish critical essays: Twentieth century | |
| 260 |
_aLondon _bOxford University Press _c1963 |
||
| 300 | _axv, 363 p. | ||
| 942 | _cBK | ||
| 999 |
_c42915 _d42915 |
||